[Aj ekonómia je veda]

Recenzia na publikáciu, ktorá bilancuje polstoročnú vedeckú ekonomickú dráhu a poskytuje pohľad na ekonomickú vedu.

Guardado en:
Detalles Bibliográficos
Autor principal: Choluj, Vladimír
Formato: Capítulo de libro
Lenguaje:eslovaco
Materias:
Etiquetas: Agregar Etiqueta
Sin Etiquetas, Sea el primero en etiquetar este registro!

MARC

LEADER 00000naa a2200000 4500
001 0251913
005 20190313123406.6
041 0 |a slo 
044 |a SK 
245 1 0 |a [Aj ekonómia je veda]  |c Vladimír Choluj 
520 |a Recenzia na publikáciu, ktorá bilancuje polstoročnú vedeckú ekonomickú dráhu a poskytuje pohľad na ekonomickú vedu. 
610 2 0 |a recenzie 
610 2 0 |a teórie ekonomické 
610 2 0 |a veda ekonomická 
100 1 |a Choluj, Vladimír